000 005790000a22001930004500
020 _a84-7228-216-3
041 0 _aSPA
082 0 4 _aG 232 F6341c
100 1 _aFlores, José (1923-)
245 1 0 _aCristología de Juan / José Flores
260 _aTerrassa, Barcelona, España : CLIE
300 _a284 Pag
650 1 4 _aJESUCRISTO - HISTORIA DE LAS DOCTRINAS - PERIODO PRIMITIVO, 329 A.C. 379 \ TEOLOGIA BIBLICA N.T. - JUAN
001 3960
942 _cBK
999 _c34581
_d34581
336 _atexto
_btxt
_2rdacontent
337 _2rdamedia
_asin mediación
_bn
338 _2rdacarrier
_avolumen
_bnc